LIBRARY & INFORMATION CENTRE, KCAET, TAVANUR

ONLINE PUBLIC ACCESS CATALOGUE (OPAC)

Centrifugal pumps: design and application / (Record no. 9259)

MARC details
000 -LEADER
fixed length control field 00439cam a2200169ua 4500
003 - CONTROL NUMBER IDENTIFIER
control field OSt
008 - FIXED-LENGTH DATA ELEMENTS--GENERAL INFORMATION
fixed length control field 250306b |||||||| |||| 00| 0 eng d
041 ## - LANGUAGE CODE
Language code of text/sound track or separate title eng
082 ## - DEWEY DECIMAL CLASSIFICATION NUMBER
Classification number 621.67
Item number LOB/CE
100 ## - MAIN ENTRY--AUTHOR NAME
Personal name Lohanoff, Val S .
245 ## - TITLE STATEMENT
Title Centrifugal pumps: design and application /
250 ## - EDITION STATEMENT
Edition statement 2 /
260 ## - PUBLICATION, DISTRIBUTION, ETC. (IMPRINT)
Place of publication Mumbai :
Name of publisher Jaico Publishing House ,
Year of publication 1995.
300 ## - PHYSICAL DESCRIPTION
Number of Pages 577 ; .
700 1# - ADDED ENTRY--PERSONAL NAME
Personal name Ross, Robert R .
942 ## - ADDED ENTRY ELEMENTS (KOHA)
Koha item type Books
Holdings
Withdrawn status Lost status Damaged status Home library Current library Date acquired Full call number Accession Number Koha item type
      KAUAET KAUAET 07/04/2012 621.67 LOB/CE 18917 Books
      KAUAET KAUAET 07/04/2012 621.67 LOB/CE 19511 Books
      KAUAET KAUAET 05/03/1986 621.67 LOB/CE 14956 Books
free website counter